Normal view
MARC view
Entry Personal Name
001 - CONTROL NUMBER
- control field: 11212
003 - CONTROL NUMBER IDENTIFIER
- control field: ARRUPE
005 - DATE AND TIME OF LATEST TRANSACTION
- control field: 20140910141211.0
008 - FIXED-LENGTH DATA ELEMENTS
- fixed length control field: 140910|| aca||aabn | a|a d
040 ## - CATALOGING SOURCE
- Original cataloging agency: ARRUPE
- Transcribing agency: ARRUPE
100 ## - HEADING--PERSONAL NAME
- Personal name: Cox, Gary.
670 ## - SOURCE DATA FOUND
- Source citation: Work cat.: (ARRUPE)0: Cox, Gary., Sartre :, 2006.